Parasitosis animales. tomo 2 /

Guardado en:
Autor Principal: Boero, Juan José
Formato: Libro
Publicado: Buenos Aires : Eudeba, 1970
Edición:2a. ed.
Materias:
Etiquetas: Agregar Etiqueta
Sin Etiquetas, Sea el primero en etiquetar este registro!
LEADER 00540nam a22001935a 4500
001 CEM.cems015732
005 20091207145037.0
008 130507s1970##################000#0#####d
003 CEMS
082 0 4 |a 636.089 
100 1 |a Boero, Juan José 
245 1 0 |a Parasitosis animales. tomo 2 /  |c Juan José Boero, 
250 |a 2a. ed. 
260 |a Buenos Aires :  |b Eudeba,  |c 1970 
300 |a 264 p. 
653 |a Ganadería 
653 |a Parasitología 
653 |a Veterinaria 
859 |a CEMS  |b BIB. CEMS - Agricultura  |h 636.089  |i B633a2  |p A5018.76  |t Ej.1  |v 2  |3 2